Belgique : villes de plus de 50 000 habitants en Wallonie - Statistiques

Statistiques générales
  • Ce quiz a été pris 26 fois
  • Le résultat moyen est 7 sur 9
Statistiques - réponses
Classement Rang national Population Province Nom de la commune % Correct
1 3 201 000 Hainaut Charleroi
100%
2 4 196 000 Liège Liège
96%
3 9 111 000 Namur Namur
96%
4 12 95 000 Hainaut Mons
85%
5 17 80 000 Hainaut La Louvière
69%
6 22 68 000 Hainaut Tournai
65%
9 29 55 000 Liège Verviers
54%
7 24 63 000 Liège Seraing
50%
8 26 58 000 Hainaut Mouscron
42%
Aucun quiz correspondant
Distribution des résultats
% des personnes avec chaque résultat
Percentile par nombre de réponses
Votre historique - résultats
Vous n’avez pas pris ce quiz